Normal view
MARC view
- Khan , Capt Mumtaz Usman (TCC-17A)
Entry Personal Name
001 - CONTROL NUMBER
- control field: 131985
003 - CONTROL NUMBER IDENTIFIER
- control field: NUST
005 - DATE AND TIME OF LATEST TRANSACTION
- control field: 20251121145354.0
008 - FIXED-LENGTH DATA ELEMENTS
- fixed length control field: 251121|| aca||aabn | a|a d
040 ## - CATALOGING SOURCE
- Original cataloging agency: NUST
- Transcribing agency: NUST
100 ## - HEADING--PERSONAL NAME
- Personal name: Khan , Capt Mumtaz Usman (TCC-17A)
670 ## - SOURCE DATA FOUND
- Source citation: Work cat.: (NUST)184020: Khan , Capt Mumtaz Usman (TCC-17A), Implementation of DS-CDMA /, 2009
